Statistieken voor Vlaggen van Europa in 1444

Klik hier om de quiz te nemen!

Algemene statistieken

  • Deze quiz is 62 keer genomen
    (61 sinds de laatste reset)
  • De gemiddelde score is 13 van 90

Antwoordstatistieken

Antwoord% Correct
Frankrijk
84%
Denemarken
70%
Portugal
68%
Albanië
61%
Engeland
50%
Polen
43%
Kroatië
41%
Oostenrijk
41%
Byzantijnse Rijk
32%
Vlaanderen
25%
Moldavië
23%
Schotland
23%
Aragon
20%
Litouwen
20%
Noorwegen
20%
Zweden
20%
Navarra
18%
Venetië
18%
Baden
16%
Bohemen
16%
Heilige Roomse Rijk
16%
Mainz
16%
Saksen
16%
Württemberg
16%
Bosnië
14%
Brabant
14%
Bremen
14%
Bretagne
14%
Castilië
14%
Granada
14%
Kerkelijke Staat
14%
Auvergne
11%
Bourgondië
11%
Brandenburg
11%
Florence
11%
Foix
11%
Genua
11%
Gouden Horde
11%
Hongarije
11%
Napels
11%
Ragusa
11%
Béarn
9%
Bourbonnais
9%
Frankfort
9%
Hamburg
9%
Lübeck
9%
Mazovië-Płock
9%
Milan
9%
Monaco
9%
Nevers
9%
Nogai Horde
9%
Orléans
9%
Pommeren
9%
Aken / Keulen
7%
Bologna
7%
Drie Bonden
7%
Duitse Ordestaat
7%
Genève
7%
Herzegovina
7%
Kazan
7%
Lotharingen
7%
Mazovië-Warsaw
7%
Montferrat
7%
Novgorod
7%
Ottomaanse Rijk
7%
Provence
7%
Saluzzo
7%
Tyrconnell
7%
Ancona
5%
Beieren-Landshut
5%
Beieren-Münich
5%
Finale
5%
Kleef
5%
Lucca
5%
Mantua
5%
Memmingen
5%
Neurenberg
5%
Orde van Sint-Jan
5%
Pallars Sobirà
5%
Riga
5%
Savoye
5%
Siena
5%
Trier
5%
Urbino
5%
Ferrara
2%
Noli
2%
Oldenburg
2%
Paltsgraafschap
2%
Utrecht
2%
Zwitserland
2%

Scoreverdeling

Percentiel versus Aantal Correcte Antwoorden

Procent van Mensen met Elke Score

Uw Scoregeschiedenis

U heeft deze quiz nog niet genomen sinds de laatste reset